000 00325nam a22001337a 4500
008 171009b xxu||||| |||| 00| 0 eng d
020 _a394355768
041 _aeng
080 _a159.9
100 _a49
101 _aPSI
245 _aBEHAVIOR DISORDERS IN INFANTS, CHILDREN, AND ADOLESCENTS
_cREISMAN,J.M
942 _2udc
_cBK
999 _c32452
_d32452